Teresa of Avila : (Record no. 604673)

MARC details
000 -LEADER
fixed length control field 00495nam a2200193 a 4500
008 - FIXED-LENGTH DATA ELEMENTS--GENERAL INFORMATION
fixed length control field 251224s2001##################000#0#eng##
020 ## - INTERNATIONAL STANDARD BOOK NUMBER
ISBN 9780385501293
082 04 - DEWEY DECIMAL CLASSIFICATION NUMBER
Classification number 282.092
Item number MED
100 1# - MAIN ENTRY--AUTHOR NAME
Personal name Medwick, Cathleen,
245 10 - TITLE STATEMENT
Title Teresa of Avila :
260 ## - PUBLICATION, DISTRIBUTION, ETC. (IMPRINT)
Name of publisher Image,
Year of publication 2001.
300 ## - PHYSICAL DESCRIPTION
Number of Pages 308 pages
650 #0 - SUBJECT ADDED ENTRY--TOPICAL TERM
Topical Term Biography & Autobiography.
942 ## - ADDED ENTRY ELEMENTS (KOHA)
Koha item type English Books
Holdings
Withdrawn status Lost status Damaged status Not for loan Home library Current library Shelving location Date acquired Full call number Accession Number Price effective from Koha item type
        Anna Centenary Library Anna Centenary Library 3RD FLOOR, B WING 26.12.2025 282.092 MED 505312 26.12.2025 English Books

Find us on the map